[Event "Gaprindashvili Cup Open II Stage 2020"]
[Site "Online"]
[Date "2020.11.08"]
[Round "3.3"]
[White "Jojua, Davit"]
[Black "Akhvlediani, Irakli"]
[Result "1-0"]
[WhiteElo "2557"]
[BlackElo "2355"]
[Annotator "TA"]
[PlyCount "67"]
[EventDate "2020.11.04"]
[EventType "swiss"]
[SourceTitle "playchess.com"]
[Source "ChessBase"]
[SourceQuality "1"]

{[%evp 18,67,29,18,37,32,39,32,36,31,31,25,67,67,71,78,52,44,81,84,75,66,75,73,77,66,73,77,126,125,119,136,135,123,312,304,305,310,395,395,391,395,395,395,386,387,372,365,29992,635,29993,29994]} 1. d4 Nf6 2. c4 g6 3. g3 Bg7 4. Bg2 O-O 5. Nc3 d6 6. Nf3 Nc6 7. O-O e5 8. dxe5 dxe5 9. Bg5 Be6 10. Nd2 h6 {10...Qc8 injects fresh life into this line. E62: King's Indian: Fianchetto: 6...c6 and Panno Variation (6...Nc6) without ...a6.} 11. Bxf6 Bxf6 12. Nde4 Be7 {White is slightly better.} 13. Qc1 Kh7 14. Rd1 Qc8 15. Nd5 Bxd5 16. cxd5 ({Don't play} 16. Rxd5 f5 $11) 16... Nd4 {[#]} 17. Nc3 $146 ({Predecessor:} 17. Qc4 b5 18. Qd3 f5 19. Nd2 c5 20. dxc6 Bf6 21. e3 e4 22. Nxe4 fxe4 23. Bxe4 {½-½ (32) Paehtz,E (2487)-Kulon,K (2333) Wroclaw 2018}) 17... Qd7 18. e3 Nf5 19. Bh3 $36 {[%mdl 2048] [#] Strongly threatening e4. White has good play.} Qe8 20. Ne4 Nd6 21. Nc5 Rd8 22. Qc2 c6 23. Rac1 cxd5 24. Rxd5 b6 25. Na6 {aiming for Nc7.} f6 $2 {This move loses the game for Black.} (25... f5 $16 {was called for.}) 26. Nc7 Qf7 27. Ne6 Rfe8 28. Qb3 {Hoping for Rxd6.} Rc8 29. Rxc8 Nxc8 {[#]} 30. Rd8 $1 {[%mdl 512] Intending Ng5+! and mate.} Qg8 ({And not} 30... Bxd8 31. Ng5+ Kh8 32. Qxf7 fxg5 33. Qxe8+ Kg7 34. Be6 Nd6 35. Qxd8) 31. Rxe8 ({Don't do} 31. Rd7 h5 $18) 31... Qxe8 32. Nc7 Qd8 $2 (32... Qg8 $18 33. Qxg8+ Kxg8 34. Bxc8 f5 35. Be6+ Kf8) 33. Qf7+ Kh8 34. Ne8 {Av CentiPawn Loss W=-1/B=-99. Weighted=-2/-80} 1-0

[Event "Gaprindashvili Cup Open II Stage 2020"]
[Site "Online"]
[Date "2020.11.08"]
[Round "3.4"]
[White "Lortkipanidze, Nodar"]
[Black "Pantsulaia, Levan"]
[Result "0-1"]
[WhiteElo "2416"]
[BlackElo "2553"]
[Annotator "TA"]
[PlyCount "67"]
[EventDate "2020.11.04"]
[EventType "swiss"]
[SourceTitle "playchess.com"]
[Source "ChessBase"]
[SourceQuality "1"]

{[%evp 17,67,16,26,-52,-49,-277,-140,-135,-123,-126,-111,-134,-130,-167,-153,-146,-113,-106,-91,-223,-223,-235,-222,-235,-251,-306,-286,-297,-231,-788,-784,-765,-754,-1052,-599,-643,-531,-525,-459,-709,-685,-677,-545,-955,-943,-1055,-1055,-1227,-1314,-1120,-1068,-1150]} 1. e4 c5 2. Nf3 e6 3. c3 Nf6 4. e5 Nd5 5. d4 cxd4 6. cxd4 b6 7. Nc3 Bb7 8. Bd3 Be7 9. O-O O-O 10. Qc2 {B22: Sicilian: 2 c3.} (10. Bc2 $11) 10... Nb4 $1 $15 {[%cal Rb4c2]} 11. Bxh7+ ({White should play} 11. Qe2 $15) 11... Kh8 $17 12. Qb1 {Black is clearly better.} Bxf3 $1 13. gxf3 {[#] Be4 is the strong threat.} g6 $1 {[#]} 14. Bxg6 $146 ({Predecessor:} 14. Qe4 N8c6 15. a3 Nd5 16. Nxd5 exd5 17. Qf4 Kxh7 18. Kh1 Kg8 19. Rg1 Re8 20. Rg3 Bf8 21. Qg4 Re6 22. Bg5 Be7 23. Bh6 Bf8 {½-½ (23) Buchholz,S-Schneider,H Binz 1995}) 14... fxg6 15. Kh1 Qe8 16. Rg1 Qf7 17. Rg3 Qf5 18. Bh6 {[#]} (18. Qxf5 $17 Rxf5 19. Be3) 18... Nc2 $1 $19 {White must now prevent ...Rf7.} 19. Bxf8 Bxf8 20. Ne4 Nxa1 21. Rg5 Qxf3+ 22. Kg1 {Strongly threatening Nf6.} Be7 23. Rxg6 $2 (23. Nd6 Bxg5 24. Qxg6) 23... Qf5 {Black is clearly winning.} 24. Rg3 Nc6 25. Qc1 Rg8 26. Nf6 {[%csl Gf6][%cal Rg3g8]} Rxg3+ 27. hxg3 {Threatening mate with Qh6+.} Bxf6 28. Qh6+ (28. exf6 $142 Kg8 29. Qxa1) 28... Kg8 29. exf6 {[%csl Gf6][%cal Rh6g7]} Qh7 30. Qg5+ Kf7 31. d5 Nd4 32. dxe6+ dxe6 {( -> ...Nf3+)} 33. Qg4 Nac2 34. a4 {Av CentiPawn Loss W=-86/B=-46. Weighted=-95/-58} 0-1

[Event "Gaprindashvili Cup Open II Stage 2020"]
[Site "Online"]
[Date "2020.11.08"]
[Round "3.5"]
[White "Sulashvili, Malkhaz"]
[Black "Tsereteli, Tornike"]
[Result "1-0"]
[WhiteElo "2381"]
[BlackElo "1765"]
[Annotator "TA"]
[PlyCount "109"]
[EventDate "2020.11.04"]
[EventType "swiss"]
[SourceTitle "playchess.com"]
[Source "ChessBase"]
[SourceQuality "1"]

{[%evp 13,109,0,0,0,4,0,29,14,48,49,84,87,131,125,144,134,143,137,141,140,148,149,247,235,252,251,254,241,290,282,315,332,325,308,367,364,348,322,323,320,357,388,508,518,471,401,509,502,625,263,351,159,1003,977,644,595,488,189,175,175,141,146,394,391,383,341,380,381,354,331,316,317,406,399,395,297,901,879,1538,1601,1682,1552,814,1551,1371,1244,1861,1831,4618,4618,2652,2216,29969,12838,29988,29989,29989,29990]} 1. d4 Nf6 2. Nf3 g6 3. c4 Bg7 4. g3 d5 5. Bg2 O-O 6. O-O dxc4 7. Qc2 Nc6 8. Qxc4 {D77: Fianchetto Grünfeld: 6 0-0: Replies other than 6...c6.} Be6 9. Qa4 {[#]} Rb8 $146 ({Predecessor:} 9... Nd5 10. e3 Bf5 11. Nh4 Nb6 12. Qd1 Bd7 13. Nc3 e5 14. d5 Ne7 15. e4 Nc4 {1-0 (32) Ruiz Castillo,J (2498)-Mishra,A (2342) chess.com INT 2020}) 10. Nc3 {White has an edge.} a6 11. Rd1 b5 12. Qc2 $1 Na5 13. b3 b4 14. Na4 $1 Bf5 15. Qd2 Ne4 16. Qe1 c5 17. Bf4 Rb5 {[#]} (17... Bd7 $16 {was worth a try.} 18. Bxb8 (18. Nxc5 Nxc5 19. Bxb8 Qxb8 $16) (18. dxc5 Bxa1 19. Bxb8 Bc3 $16) 18... Qxb8) 18. dxc5 $1 $18 Qc8 19. Be5 Bxe5 20. Nxe5 Nxc5 21. Rac1 Qe6 {White must now prevent ...Nxa4.} 22. Nxf7 ({But not} 22. Nxc5 $6 Qxe5 23. Nxa6 Be4 $18) (22. Rxc5 Rxc5 23. Nxc5 Qxe5 $18) 22... Nxa4 23. bxa4 Rb6 24. Bd5 ({Don't play} 24. Nh6+ Kh8 $18) 24... Qf6 25. Nh6+ {[%mdl 64] Discovered Attack (Double check)} Kg7 26. Nxf5+ Qxf5 27. e4 Qg5 28. h4 Qe5 29. f4 Qb8 30. Qe3 e6 {[#]} 31. Bb3 (31. Bxe6 $142 $1 {[%mdl 512]} Rd6 (31... Rxe6 32. Rd7+) 32. Rxd6 Qxd6 33. Bd5) 31... Nxb3 32. axb3 (32. Rd7+ $18 {and the rest is easy.} Rf7 33. Rcc7 (33. Rxf7+ Kxf7 34. axb3 Rd6 $16) 33... Rxd7 34. Rxd7+ Kf8 35. axb3) 32... e5 $2 (32... Rd6 $16 33. h5 Rxd1+ 34. Rxd1 Rd8) 33. Rd7+ Rf7 {[#]} 34. Rcc7 $1 {[%mdl 512]} Rbf6 (34... Qxc7 35. Rxc7) 35. Qa7 $2 (35. fxe5 Rf1+ 36. Kg2) 35... Qxa7+ 36. Rxa7 Rxd7 37. Rxd7+ {[%mdl 4096] Endgame KR-KR} Kh6 $2 {Now Black is done in.} (37... Kf8 $16 {was called for.} 38. Rxh7 (38. fxe5 Rf3 $16) 38... exf4) 38. fxe5 Re6 39. Rb7 Rxe5 40. Rxb4 Kh5 41. Rd4 {Hoping for Rd5.} Kg4 42. Kg2 {aiming for Rd5.} Rc5 43. Rc4 Ra5 44. Kf2 h6 $2 (44... Re5 45. b4 Re6) 45. Rc6 g5 46. Rxh6 Rc5 47. Rg6 Rc2+ 48. Ke3 Kxg3 49. hxg5 Rc3+ {[#]} 50. Kd4 $1 Rxb3 51. Rxa6 Kf4 52. g6 Rb4+ 53. Kd5 {White wants to mate with g7.} Rxe4 54. Rf6+ Ke3 55. Re6 {Av CentiPawn Loss W=-46/B=-76. Weighted=-44/-142} 1-0

[Event "Gaprindashvili Cup Open II Stage 2020"]
[Site "Online"]
[Date "2020.11.08"]
[Round "3.6"]
[White "Mindiashvili, Tengiz"]
[Black "Kacharava, Nikolozi"]
[Result "1-0"]
[WhiteElo "1923"]
[BlackElo "2443"]
[Annotator "TA"]
[PlyCount "125"]
[EventDate "2020.11.04"]
[EventType "swiss"]
[SourceTitle "playchess.com"]
[Source "ChessBase"]
[SourceQuality "1"]

{[%evp 18,125,62,51,58,34,26,16,31,4,35,31,27,26,21,17,49,52,46,40,42,43,49,36,94,73,78,53,38,25,195,188,297,281,291,280,289,283,272,283,266,207,263,250,256,203,329,331,282,237,483,471,521,518,653,626,658,658,663,658,663,663,633,630,671,649,671,667,635,647,1134,1134,1056,1024,1115,1067,1887,1887,12850,12849,29939,29939,5536,5707,6110,4627,29956,29955,29957,29958,29957,29954,29955,29955,12812,12793,4515,655,29986,29987,29987,29988,29991,29992,29992,29993,29993,29994,29994,4614]} 1. e4 d6 2. d4 Nf6 3. Nc3 e5 4. Nf3 Nbd7 5. Bc4 Be7 6. a4 O-O 7. O-O a5 8. h3 c6 9. Re1 h6 10. Be3 Re8 {C41: Philidor Defence.} 11. Qd2 exd4 12. Nxd4 Bf8 {[#] The position is equal.} 13. Bf4 $146 ({Predecessor:} 13. f3 Ne5 14. Ba2 Ng6 15. Rad1 Qc7 16. Qf2 Bd7 17. Rd2 d5 18. exd5 Bd6 19. Nde2 {0-1 (65) Yoo,C (2242)-Sambuev,B (2522) Calgary 2017}) 13... Ne5 14. Ba2 Qb6 15. Be3 {Threatens to win with Ne6.} Qb4 16. f4 Nc4 17. Bxc4 $1 Qxc4 18. Bf2 Bd7 19. b3 Qb4 20. Qd3 c5 (20... Rad8 $14) 21. Ndb5 $36 {[%mdl 2048] [#] Strongly threatening Na2. White is really pushing.} Rac8 22. e5 c4 23. bxc4 {Rab1 is the strong threat.} Nh5 $2 {This move loses the game for Black.} (23... dxe5 $11 {and Black has nothing to worry.} 24. fxe5 Bxb5 25. Nxb5 (25. axb5 Rcd8 $14) 25... Red8) 24. Qf3 $18 (24. Nxd6 Nxf4 25. Qd2 Bxd6 $15) 24... g6 (24... Nxf4 $142 25. Qxf4 dxe5) 25. Nd5 (25. Nxd6 Bxd6 26. Nd5 (26. exd6 Qxd6 27. f5 Rxc4 $16) 26... Qxc4 $18) (25. exd6 Qxc4 26. Nd5 (26. Qxb7 Bc6 $14) 26... Rxe1+ 27. Rxe1 Qxa4 $18) 25... Qxc4 26. Nb6 ({Not} 26. exd6 Bxb5 27. axb5 Bxd6 $16) 26... Qc6 27. Qxc6 ({Less strong is} 27. Nxc8 Qxf3 28. Ne7+ (28. gxf3 Rxc8 29. Nxd6 Rxc2 $14) 28... Bxe7 $16) (27. exd6 Rxe1+ 28. Rxe1 Rd8 $14) (27. Nxd6 Bxd6 28. exd6 Rxe1+ 29. Rxe1 Rd8 $16) 27... Bxc6 28. Nxc8 Rxc8 29. Nxd6 Bxd6 30. exd6 Nxf4 31. Rad1 Rd8 (31... Ne6 $142 32. Re5 Ra8) 32. Bb6 {[%mdl 64] [#] Double Attack} Rd7 33. Re7 Bxa4 $2 (33... Rxe7 34. dxe7 f6 35. Bxa5 Kf7) 34. Re8+ Kh7 35. Rd4 {[%mdl 64] Double Attack} g5 36. Rxa4 Rxd6 37. Bxa5 Ra6 38. Ra1 Kg6 39. Kh2 Rc6 40. Bd2 Nd5 41. c3 Nf6 42. Rb8 Ne4 43. Be1 Nxc3 44. Bxc3 Rxc3 45. Rxb7 Rc6 46. Rf1 f6 47. g4 h5 48. gxh5+ Kxh5 49. Kg3 Kg6 50. Rf3 Rd6 51. h4 gxh4+ 52. Kxh4 Rd4+ 53. Kh3 Rd6 54. Rfb3 Kg5 55. R7b6 Rd8 56. Rg3+ Kf5 57. Rf3+ Kg5 58. Rbxf6 {[%csl Gf6][%cal Rf3f5] White mates.} Rd5 59. Rf8 Kg6 60. Rg3+ Kh7 61. Rf4 Rh5+ 62. Rh4 {[%cal Rh4h5]} Kh6 63. Rxh5+ {Av CentiPawn Loss W=-62/B=843. Weighted=-57/1278} (63. Rg2 $142 Rxh4+ 64. Kxh4 Kh7 65. Kh5 Kh8 66. Kg6 Kg8 67. Rf2 Kh8 68. Rf8#) 1-0

[Event "Gaprindashvili Cup Open II Stage 2020"]
[Site "Online"]
[Date "2020.11.08"]
[Round "3.7"]
[White "Bagaturov, Giorgi"]
[Black "Didmanidze, Tengiz"]
[Result "1-0"]
[WhiteElo "2431"]
[BlackElo "1922"]
[Annotator "TA"]
[PlyCount "93"]
[EventDate "2020.11.04"]
[EventType "swiss"]
[SourceTitle "playchess.com"]
[Source "ChessBase"]
[SourceQuality "1"]

{[%evp 21,93,6,29,26,31,35,65,39,70,54,162,161,152,154,158,156,168,168,154,160,147,112,108,73,68,90,177,177,177,164,172,160,160,166,148,170,196,164,211,0,84,84,83,28,176,176,402,401,407,383,373,364,363,361,327,285,447,445,1754,1711,1566,1511,1246,1193,1054,982,4631,2535,6217,6079,2613,1363,1478,1352]} 1. d4 Nf6 2. Nf3 g6 3. g3 Bg7 4. Bg2 O-O 5. O-O d6 6. c4 Nc6 7. d5 Na5 8. Qa4 c5 9. Bd2 b6 10. Bc3 Bd7 11. Qc2 Bf5 12. Qc1 {E60: King's Indian: Unusual lines and Fianchetto Variation without Nc3.} Rb8 13. Nbd2 b5 14. b3 {White is slightly better.} bxc4 15. bxc4 Ne4 {[#]} (15... Ne8 $14) 16. Bxg7 $1 $18 Kxg7 {[#]} 17. Nh4 $1 Nxd2 18. Nxf5+ gxf5 19. Qxd2 {[#]} e5 $146 ({Predecessor:} 19... e6 20. Rab1 Rxb1 21. Rxb1 Kg8 22. Qc3 Qc7 23. Rb5 Nb7 24. dxe6 Nd8 25. exf7+ Nxf7 26. Rb7 Qd8 27. Bd5 Qg5 28. Rxa7 h5 29. Qe3 Qf6 30. Qe6 {1-0 (30) Tadic,B (2504)-Jovicic,R (2215) Smederevska Palanka 2016}) 20. dxe6 fxe6 21. Rfd1 Rb4 22. Qxd6 Qxd6 23. Rxd6 Re8 (23... Rb6 $16 24. Rd2 Kf6) 24. Rd7+ Kf6 25. Rxa7 Nxc4 26. Rc7 Reb8 {And now ...Rb1+ would win.} 27. Bf3 (27. Rxc5 Rb1+ 28. Rxb1 Rxb1+ 29. Bf1 Nd2 $17) 27... Rb1+ 28. Rxb1 Rxb1+ $16 {[%mdl 4096] Endgame KRB-KRN} 29. Kg2 Rb5 30. e4 $2 (30. Rxh7 $18 {Strongly threatening a4.} Ra5 31. h4) 30... Ne5 (30... Rb2 $11 31. h3 (31. Rxc5 Ne3+ 32. Kh3 Rxf2 $17) 31... Ne3+ 32. Kg1 Rb1+ 33. Kh2 Rb2) 31. exf5 exf5 32. Bd5 ({White should try} 32. Rb7 $16 Ra5 33. Rb6+ (33. Rxh7 c4 $14) 33... Kg7 34. Bd5) 32... h5 {Black cannot hold the game after this.} (32... Rb2 $1 $11 {and Black stays safe.}) 33. Bb3 $18 f4 $2 (33... Kg6 {keeps fighting.} 34. Rc8 Ra5) 34. gxf4 Ng4 35. Kg3 Nh6 36. Rc6+ Kg7 37. Be6 Ra5 38. Kh4 Rb5 (38... c4 {was called for.} 39. Rxc4 Ra6) 39. Kg5 {Threatens to win with Rc7+.White is clearly winning.} c4+ (39... Nf7+ $142 40. Kxh5 Nd8) 40. f5 Nf7+ 41. Bxf7 Kxf7 {KR-KR} 42. Rc7+ Ke8 43. Rxc4 Ra5 44. a4 Kf7 45. h4 Ra6 46. Kxh5 Kf6 47. Kg4 {Av CentiPawn Loss W=-84/B=1. Weighted=-70/-11} 1-0

[Event "Gaprindashvili Cup Open II Stage 2020"]
[Site "Online"]
[Date "2020.11.08"]
[Round "3.8"]
[White "Liponava, Zurab"]
[Black "Petriashvili, Nikoloz"]
[Result "0-1"]
[WhiteElo "1800"]
[BlackElo "2425"]
[Annotator "TA"]
[PlyCount "114"]
[EventDate "2020.11.04"]
[EventType "swiss"]
[SourceTitle "playchess.com"]
[Source "ChessBase"]
[SourceQuality "1"]

{[%evp 13,114,8,1,-89,-89,-152,10,-70,-49,-75,-75,-79,-81,-173,-114,-130,-103,-162,-174,-196,-185,-203,-158,-162,-116,-186,-161,-211,-208,-211,-208,-217,-216,-252,-253,-259,-252,-393,-262,-267,-260,-269,-276,-305,-283,-350,-295,-368,-353,-367,-293,-345,-317,-339,0,-339,0,-345,-247,-259,-248,-265,-256,-428,-424,-451,-416,-442,-445,-556,-352,-535,-495,-551,-528,-543,-524,-763,-758,-772,-726,-1012,-1006,-977,-985,-1460,-1402,-29971,-962,-29976,-29977,-29963,-29950,-29987,-29988,-29988,-29989,-29989,-29989,-29989,-29990,-29991,-29992]} 1. e4 c5 2. Nf3 g6 3. d4 Bg7 4. Nc3 cxd4 5. Nxd4 Nc6 6. Be3 Nf6 7. f3 O-O 8. g4 {B34: Sicilian: Accelerated Dragon with 5 Nc3: sidelines.} (8. Bc4 $11 {keeps the balance.}) 8... Qb6 $1 $17 9. Rb1 (9. Ncb5 $142) 9... Qa5 $2 {[#]} (9... d5 $1 $17 {Threatens to win with ...dxe4.} 10. g5 (10. Nf5 $2 d4 $19) 10... dxe4 11. gxf6 (11. Nf5 Qa5 $17) 11... Bxf6) 10. g5 $146 (10. Nb3 $11 Qc7 11. Be2) ({Predecessor:} 10. Nb3 Qd8 11. h4 h5 12. g5 Ne8 13. f4 d6 14. Be2 Nc7 15. Bf3 e5 16. f5 gxf5 17. Bxh5 {1-0 (38) Popov,I (2464)-Klimov,A (2319) Satka 2005}) 10... Nh5 $15 11. Nb3 Bxc3+ 12. bxc3 Qxc3+ 13. Kf2 {[#]} (13. Qd2 $17 Qxd2+ 14. Nxd2) 13... d6 (13... f5 $1 $19 {[%cal Rf5e4] Hoping for ...fxe4.} 14. Qd3 Qxd3 15. Bxd3 d6) 14. Nd4 Nxd4 15. Bxd4 (15. Qxd4 $17 Qxd4 16. Bxd4) 15... Qc7 16. Qd2 Be6 17. a4 b6 18. Bd3 Rac8 19. Rhc1 (19. a5 $17 {was worth a try.}) 19... Bc4 20. Be3 Qd7 21. Kg2 Qxa4 22. Ra1 Qd7 23. Qb4 d5 24. exd5 Bxd5 25. Be4 (25. Rf1 $142) 25... Bxe4 26. Qxe4 Ng7 27. Rd1 Qc7 28. Rd2 Rfd8 29. Rad1 Ne6 30. h4 Rxd2+ 31. Rxd2 Qc6 32. Qe5 Qc3 33. Qe4 Qc6 34. Qe5 $1 Qc7 35. Qe4 $1 Rd8 36. Rxd8+ Qxd8 ({Don't do} 36... Nxd8 37. Bf4 $19) 37. Qa4 Qc7 38. h5 $2 (38. Kf2) 38... gxh5 $19 39. f4 Qb7+ 40. Kf2 b5 41. Qb4 Ng7 42. Bd4 (42. Qc5 {was necessary.}) 42... Qe4 43. Qd2 Ne6 44. Be5 {[#]} h6 $1 45. Qc3 (45. gxh6 f6) 45... hxg5 46. Qc8+ Nf8 47. Qh3 Qxc2+ 48. Ke1 Qe4+ 49. Kd1 gxf4 50. Qxh5 Ng6 (50... Qd5+ $142 51. Kc2 Ng6 52. Qg4 Qxe5 53. Qf3 b4 54. Qb7 Qe2+ 55. Kb3 f3 56. Qc8+ Kg7 57. Qb8 Qd3+ 58. Kb2 Qc3+ 59. Ka2 Qc2+ 60. Ka1 Qd2 61. Qb5 f2 62. Qc4 {[#]} b3 $1 {[%mdl 512]} 63. Qc2 bxc2 64. Kb2 f1=Q 65. Ka3 c1=Q+ 66. Kb3 Qfd1#) 51. Bc3 Qd3+ {Black mates.} 52. Bd2 f3 53. Qh3 Qe2+ 54. Kc1 f2 55. Qc8+ Kg7 56. Bc3+ f6 57. Bxf6+ Kf7 {Av CentiPawn Loss W=-90/B=-45. Weighted=-105/-38} 0-1

[Event "Gaprindashvili Cup Open II Stage 2020"]
[Site "Online"]
[Date "2020.11.08"]
[Round "3.9"]
[White "Chighladze, Iveri"]
[Black "Endeladze, Ramaz"]
[Result "1-0"]
[WhiteElo "2335"]
[BlackElo "1894"]
[Annotator "TA"]
[PlyCount "21"]
[EventDate "2020.11.04"]
[EventType "swiss"]
[SourceTitle "playchess.com"]
[Source "ChessBase"]
[SourceQuality "1"]

{[%evp 15,21,7,27,40,47,35,727,710]} 1. d4 Nf6 2. c4 g6 3. Nc3 Bg7 4. e4 d6 5. f3 O-O 6. Be3 c5 7. dxc5 dxc5 8. Qxd8 Rxd8 9. Bxc5 {E81: King's Indian: Sämisch: 6th move deviations (including 6 Be3 c6).} e6 10. Rd1 {[#]} Rd2 $146 {[%mdl 8192] [#]} (10... Rxd1+ $14 11. Kxd1 b6) ({Predecessor:} 10... Rxd1+ 11. Kxd1 Nfd7 12. Be3 Nc6 13. Nge2 b6 14. a3 Ba6 15. b3 Na5 16. Kc2 Rc8 {½-½ (45) Barambo,M (1998)-Uhoda,P (2125) Namur 2009}) 11. Rxd2 1-0

[Event "Gaprindashvili Cup Open II Stage 2020"]
[Site "Online"]
[Date "2020.11.08"]
[Round "3.10"]
[White "Safarov, Deniel"]
[Black "Morchiashvili, Bachana"]
[Result "1-0"]
[WhiteElo "1720"]
[BlackElo "2313"]
[Annotator "TA"]
[PlyCount "69"]
[EventDate "2020.11.04"]
[EventType "swiss"]
[SourceTitle "playchess.com"]
[Source "ChessBase"]
[SourceQuality "1"]

{[%evp 9,68,23,16,11,18,-46,25,0,0,9,15,19,9,0,35,34,60,55,75,80,64,81,70,54,235,187,228,233,170,105,186,185,197,194,912,910,841,698,5689,5689,29990,29991,29991,29992,29992,29993,29994,29995,29995,29996,29996,29997,29998,29990,29990,1449,1458,1428,29996,29997,29999]} 1. e4 c5 2. Nf3 g6 3. d4 cxd4 4. Qxd4 Nf6 5. e5 Nc6 6. Qf4 {B27: Sicilian: 2 Nf3, unusual Black 2nd moves.} Nd5 7. Qh4 {[#]} (7. Qe4 $11 e6 8. c4) 7... Qc7 $146 (7... d6 $15) ({Predecessor:} 7... Bg7 8. Bh6 Bxh6 9. Qxh6 Qb6 10. Qc1 Nd4 11. Nbd2 O-O 12. c3 Nxf3+ 13. Nxf3 d6 14. Bc4 Be6 {1-0 (31) Weinstein,N (2450)-Mgeladze,T (2388) chess.com INT 2020}) 8. Bc4 {White has an edge.} Nb6 $1 9. O-O Nxe5 10. Nxe5 Qxe5 11. Bd2 Qh5 ({Don't go for} 11... Qxb2 $2 12. Bc3 $18) 12. Qd4 e5 13. Re1 d6 14. Bb5+ $1 Bd7 15. Bxd7+ $1 Nxd7 16. Qd5 O-O-O $2 (16... Qf5 $14) 17. Qa5 {Black must now prevent Nc3.} ({Less strong is} 17. Qxf7 Qf5 $14) 17... a6 18. Nc3 {Nd5 is the strong threat.} Nf6 19. Re3 (19. b4 $1 $18) 19... e4 (19... Bh6 $16) 20. Nxe4 $18 Nxe4 21. Rxe4 $40 {[%mdl 128] Black is in trouble.} d5 $2 {[#]} (21... Qc5 22. Bb4 Qxa5 23. Bxa5 d5) 22. Bf4 $1 {[%csl Gf4][%cal Ra5c7][%mdl 512]} Bd6 23. Qc3+ Kd7 {[#]} 24. Bxd6 $3 {[%csl Gd6][%cal Rc3c7][%mdl 512]} dxe4 {[#]} (24... Kxd6 25. Qf6+) 25. Qc7+ $1 {[%mdl 64] Double Attack} Ke6 26. Qe7+ Kd5 {[#]} 27. c4+ $1 {[%mdl 512]} Kd4 (27... Kxc4 28. Qxe4+) 28. Qf6+ Kxc4 29. Rc1+ Kb5 {[#]} 30. a4+ $1 {[%mdl 512]} Kb6 {[#]} (30... Kxa4 31. Qd4+) 31. Bc7+ $1 {[%mdl 512]} Ka7 32. Qb6+ (32. Bb6+ $142 Ka8 33. Bxd8 Qe5 34. Rc8+ Qb8 35. Rxb8+ Kxb8 36. Qxh8 b6 {[#]} 37. Qd4 $1 {[%mdl 512]}) 32... Ka8 33. Bxd8 {[%cal Rc1c8]} Qf5 34. Rc7 {[%csl Gc7][%cal Rb6b7]} Qd5 35. Rc8# {Av CentiPawn Loss W=46/B=-139. Weighted=-11/-126} 1-0

[Event "Gaprindashvili Cup Open II Stage 2020"]
[Site "Online"]
[Date "2020.11.08"]
[Round "3.11"]
[White "Lomsadze, Davit"]
[Black "Elashvili, Giorgi"]
[Result "1-0"]
[WhiteElo "2303"]
[BlackElo "1857"]
[Annotator "TA"]
[PlyCount "101"]
[EventDate "2020.11.04"]
[EventType "swiss"]
[SourceTitle "playchess.com"]
[Source "ChessBase"]
[SourceQuality "1"]

{[%evp 15,101,35,29,22,59,0,53,45,51,48,47,44,80,65,143,129,130,144,137,142,141,136,133,137,135,137,142,130,153,117,152,146,136,118,136,140,227,233,204,210,176,136,135,131,150,106,95,63,67,62,113,123,361,348,327,334,414,406,845,845,821,769,770,605,581,538,629,570,548,537,881,726,1116,1096,1387,1330,12841,12841,12841,12842,12841,718,711,697,696,664,618,581]} 1. Nf3 Nf6 2. g3 g6 3. Bg2 Bg7 4. O-O O-O 5. d4 d6 6. c4 Nc6 7. Nc3 a6 8. h3 {8.h3 has lost popularity.} e5 9. d5 {E63: King's Indian: Fianchetto: Panno Variation with 7...a6.} Na5 {[#]} 10. Qa4 $146 ({Better is} 10. Nd2 $1 $14 b6 11. b4) ({Predecessor:} 10. Nd2 c5 11. dxc6 Nxc6 12. Nde4 Ne8 13. Nd5 h6 14. b3 f5 15. Nec3 e4 16. Be3 b5 17. cxb5 axb5 {1-0 (26) Brynell,S (2489)-Pedersen,N (2465) Ballerup 2012}) 10... c5 (10... b6 $1 $11) 11. dxc6 $1 $14 {White is slightly better.} Nxc6 12. Rd1 Be6 13. Bg5 Qc7 14. Rac1 Qd7 {[#]} (14... h6 $14) 15. c5 $1 {[%mdl 512]} d5 (15... dxc5 16. Rxd7) 16. Bxf6 Bxf6 {[#]} 17. Nxd5 $1 {[%mdl 512]} Bxd5 18. e4 Bb3 19. Qxb3 (19. Rxd7 $2 {perishes.} Bxa4 20. b3 Bb5 $19) 19... Qc7 20. Rd6 Be7 21. Rd5 Rac8 22. Qc3 Bf6 23. b4 Ne7 24. Nd2 Nxd5 25. exd5 Bg7 (25... Be7 $16) 26. d6 $18 {[%mdl 1024] White has strong compensation.} Qd7 27. Nc4 {Threatens to win with Nb6.} e4 28. Qb3 {Black must now prevent Nb6.} Rce8 29. Nb6 $36 {[%mdl 2048] White has strong initiative.} Qf5 30. Nd5 Bd4 31. Ne3 Bxe3 32. Qxe3 Qd5 (32... Qe5 $14) 33. a4 $16 Qa2 $2 {Black cannot hold the game after this.} (33... Re5 $16 {was called for.}) 34. Qd4 $18 ({Less strong is} 34. Bxe4 f5 $16) 34... Qxa4 35. Bxe4 a5 36. Bxb7 axb4 (36... Qxb4 $142 37. Qxb4 axb4) 37. d7 {White is clearly winning.} Rd8 38. c6 Qb5 39. Rb1 b3 40. Kh2 h6 41. Rb2 h5 42. Qe3 h4 43. gxh4 Qh5 44. Qg3 Qa5 45. Rxb3 Kg7 46. Qc3+ Qxc3 47. Rxc3 Kf6 48. c7 (48. Rd3 $142 Ke7 49. c7 Rxd7 50. Re3+ Kf6 51. c8=Q Rxc8 52. Bxc8) 48... Rxd7 49. c8=Q Rxc8 50. Bxc8 Rd2 51. Kg3 {Av CentiPawn Loss W=-45/B=-75. Weighted=-34/-69} 1-0